| 000 | 01157nam a22003137a 4500 | ||
|---|---|---|---|
| 003 | CHAP | ||
| 005 | 20220329134843.0 | ||
| 008 | 971013s1876 r 00010 d | ||
| 010 | _a26954 | ||
| 011 | _a27926 | ||
| 035 | _a32027 | ||
| 040 | _cCHAP | ||
| 090 | _aTesis | ||
| 100 | 0 | 0 |
_aLabastida Aguirre, Manuel. _964266 |
| 245 | _aEfecto de cuatro niveles de fertilización nitrogenada en la producción de forraje, materia seca, proteína seca, proteína cruda del vallico inglés (lolium perenne L.) en el sur de San Luis Potosí | ||
| 260 |
_a(Monterrey, N.L) : _bEl autor, _c1876 |
||
| 300 |
_a79 h. _b: gráfs. |
||
| 502 | _aTesis (Ing. Agr. Zootecnista) -- ITESM. Div. de Ciencias Agropecuarias y Marítimas | ||
| 590 |
_aALEPH _b10 _c20130110 _lUCH01 _h1249 |
||
| 590 |
_aBATCH-UPD _b10 _c20130110 _lUCH01 _h2045 |
||
| 590 |
_aBATCH-UPD _b10 _c20130410 _lUCH01 _h1359 |
||
| 590 |
_aBATCH-UPD _b10 _c20130914 _lUCH01 _h1711 |
||
| 590 |
_aCONVERSION _b10 _c20130109 _lUCH01 _h1315 |
||
| 650 | 1 | 4 |
_aLolium perenne. _967505 |
| 650 | 1 | 4 |
_aNitrógeno _xEfecto en pastos. _981455 |
| 901 | _aBK | ||
| 942 | _cTESIS | ||
| 949 |
_bBC _cTES _d-74148 _eTS1 _i32027 _si |
||
| 999 |
_c26954 _d26954 |
||